000 00318nam a2200121Ia 4500
008 220120s9999||||xx |||||||||||||| ||und||
020 _a0-07-053243-5
100 _aBansal, R.K
245 0 _aFluid mechanics and hydraulics
260 _aLaxmi publications
_bBangalooru
_c1998
300 _b325
650 _aANTENNAS
_9151
999 _c137238
_d137238